Zasadnutie APEC v plnom prúde

Otvorenie štvordňového vrcholného stretnutia Ázijsko-pacifického ekonomického fóra (APEC) vo filipínskej Manile 22. 11. 1996. Tzv. Manilský akčný plán - urýchlenie realizácie plánu liberalizácie v obchode a investíciach a zintenzívnenie technickej a hospodárskej spolupráce v rámci tohto regiónu.

Guardado en:
Detalles Bibliográficos
Autor principal: Janoška, J.
Formato: Capítulo de libro
Lenguaje:eslovaco
Materias:
Etiquetas: Agregar Etiqueta
Sin Etiquetas, Sea el primero en etiquetar este registro!

MARC

LEADER 00000naa a2200000 4500
001 r022103
005 20230801110023.2
041 0 |a slo 
044 |a SK 
245 1 0 |a Zasadnutie APEC v plnom prúde  |c J. Janoška 
520 |a Otvorenie štvordňového vrcholného stretnutia Ázijsko-pacifického ekonomického fóra (APEC) vo filipínskej Manile 22. 11. 1996. Tzv. Manilský akčný plán - urýchlenie realizácie plánu liberalizácie v obchode a investíciach a zintenzívnenie technickej a hospodárskej spolupráce v rámci tohto regiónu. 
610 2 0 |a Filipíny 
610 2 0 |a Manila 
610 2 0 |a Ázia 
610 2 0 |a Ázijsko-pacifické ekonomické fórum 
610 2 0 |a APEC 
610 2 0 |a 1996 
610 2 0 |a regióny 
610 2 0 |a Manilský akčný plán 
610 2 0 |a liberalizácia 
610 2 0 |a spolupráca hospodárska medzinárodná 
100 1 |a Janoška, J.